01171nam a2200193Ia 4500001001000000003001000010008004100020040002500061041001300086100003800099245003800137250001100175260009200186300002700278500026200305501011400567520026200681650003400943L235-7338IT-CnALBA170116s9999||||xx |||||||||||||| ||und|| aIT-CnALBAcIT-CnALBA aITALIANO aAGOSTINO D'IPPONAgSANTO, DOTTORE 0aLA VERGINE MARIA. PAGINE SCELTE.  a1a ed. aCINISELLO BALSAMO (MI)bEDIZIONI PAOLINEc1954 [1° Ed.:1954 - Ed.Ling.Originale: 1954] a186 p. (prefazione: 5) aPAGINE SCELTE DI S. AGOSTINO. TRADUTTORE E CURATORE MICHELE PELLEGRINO. MARIA NEL PENSIERO DI S. AGOSTINO. INDICE ANALITICO DEGLI ARGOMENTI. ANNUNZIAZIONE. BEATITUDINE. CARITÀ CHIESA E MARIA. COOPERAZIONE ALLA REDENZIONE. DONNA. EVA E MARIA. FEDE. FIGURE  aSocietà San Paolo EM - Piazza San Paolo, 14 - 12051 ALBA (CN) (non commercial uses only) ® Copyright 2017 aPAGINE SCELTE DI S. AGOSTINO. TRADUTTORE E CURATORE MICHELE PELLEGRINO. MARIA NEL PENSIERO DI S. AGOSTINO. INDICE ANALITICO DEGLI ARGOMENTI. ANNUNZIAZIONE. BEATITUDINE. CARITÀ CHIESA E MARIA. COOPERAZIONE ALLA REDENZIONE. DONNA. EVA E MARIA. FEDE. FIGURE  aMARIA SS. ANGELI SANTI DEMONI